| 000 | 00391nam a2200169Ia 4500 | ||
|---|---|---|---|
| 008 | 230524s9999 xx 000 0 und d | ||
| 020 | _a9788183711142 | ||
| 082 |
_a5.453 _bSAD |
||
| 100 | _aG.Sudha Sadasivam | ||
| 245 | 0 | _aCompiler Design | |
| 250 | _a10TH | ||
| 260 |
_aCHENNAI _bScitech _c2010 |
||
| 300 | _aC.4 | ||
| 500 | _aQuantity Number: 15 | ||
| 650 | _aComp-Sc | ||
| 942 | _cBK | ||
| 999 |
_c47992 _d47992 |
||